Anagramme #3 (Facile) - Statistiques

Statistiques générales
  • Ce quiz a été pris 47 fois
  • Le résultat moyen est 7 sur 10
Statistiques - réponses
Anagramme Indice Nom de l'animal % Correct
17 Intégral Polygone à trois côtés Triangle
100%
2 Bases Un des instruments de Paul McCartney Basse
96%
9 Roc Représente le loup dans l'œuvre "Pierre et le Loup" de Sergueï Prokofiev Cor
94%
3 Urgeait Instrument de Miguel Rivera dans le film d'animation "Coco" Guitare
94%
7 Fluet Traversière, elle représente l'oiseau dans l'œuvre "Pierre et le Loup" de Sergueï Prokofiev Flute
91%
4 Phare Dans le film "Les Aristochats" instrument joué par Duchesse Harpe
90%
10 Buta Quand ce n'est pas un instrument de musique, il est associé à un masque Tuba
88%
5 Opina Instrument du polonais juif Władysław Szpilman dans le film de Roman Polanski sorti en 2002 Piano
85%
8 Snoba Représente le grand-père de Pierre dans l'œuvre "Pierre et le Loup" de Sergueï Prokofiev Basson
74%
13 Monotrème Petit instrument servant à marquer la mesure pour l'exécution d'un morceau de musique. Métronome
74%
14 Muettes Associé au mot bal, c'est un bal populaire où l'on danse, généralement au son de l'accordéon, la java, la valse, le fox-trot, dans un style particulier Musette
68%
20 Olive Se nomme aussi: _____ de gambe Viole
68%
19 Eveil Instrument de musique à cordes et à archet du Moyen Âge Vièle
60%
16 Tiras Le guitariste George Harrison, l'utilise sur plusieurs titres des Beatles : Norwegian Wood (1965), Love You To (1966), Within You Without You (1967), The Inner Light (1968). Sitar
55%
15 Appuie Appeau Pipeau
43%
11 Ajonc Instrument de musique inventé au Pérou au xviiie siècle Cajón
42%
18 Semblait Très utilisée dans "La Grande Messe des morts" de Berlioz (1837) qui n'utilise pas moins de 10 musiciens pour 16 de ces instruments Timbales
40%
6 Rouge L'un d'eux, est une œuvre d'art conçue par Nikola Bašić en 2005 et se trouvant à Zadar en Croatie dont la particularité est que la mer est sont instrumentiste. Orgue
38%
1 Cabossèrent Son surnom est "la grand-mère". Dans l’argot du jazz, en jouer se dit ainsi « peloter la grand-mère ». Contrebasse
37%
12 Gascon Egalement appelée, tumba ou tumbadora conga, il désigne plusieurs éléments musicaux cubains ou latins : un instrument de musique, un rythme, une formation musicale ou une danse. Congas
27%
Aucun quiz correspondant
Distribution des résultats
% des personnes avec chaque résultat
Percentile par nombre de réponses
Votre historique - résultats
Vous n’avez pas pris ce quiz